|
|
|
|
| LEADER |
00000nab a2200000 a 4500 |
| 001 |
vtls009938059 |
| 003 |
SK-MaSNL |
| 005 |
20260303045035.0 |
| 008 |
140402c2009 xo mr|p|||||||000 b|slo |
| 015 |
|
|
|a SNBRB2009/08
|2 snkbucl
|
| 038 |
|
|
|a SNKBUCL
|
| 040 |
|
|
|a SNKBUCL
|b slo
|c SNKBUCL
|e AACR2
|
| 041 |
0 |
|
|a slo
|
| 044 |
|
|
|a xo
|c SK
|
| 080 |
|
|
|a 27-185.36
|2 2001
|
| 100 |
1 |
|
|a Midriak, Daniel
|4 aut
|9 317638
|
| 245 |
1 |
0 |
|a Vina, trest a odpustenie vo svetle Božieho slova
|b odpúšťa nám a prijíma nás napriek našej biede
|c Daniel Midriak
|
| 650 |
0 |
7 |
|a odpustenie
|2 snkbucl
|9 24777
|
| 773 |
0 |
|
|t Evanjelický posol spod Tatier
|g Roč. 99, č. 28 (2009), s. 8
|x 0139-87681
|
| 852 |
|
|
|a SNK
|b KIS3GCP
|
| 958 |
|
|
|a NT
|
| 999 |
|
|
|c 1702352
|d 1704282
|